000 00329 a2200157 4500
001 62343
020 _a9788537713792
040 _cAnchieta - Pituba
100 _aSouza, Shirley
240 1 0 _aE eu com isso?
_lpor
245 1 0 _aE eu com isso?
300 _a94
362 0 _a2010
650 4 _aLiteratura juvenil
942 _cBK
999 _c62343
_d62343